书目信息 |
| 题名: |
走向原创的思想
|
|
| 作者: | 刘淮南 著 | |
| 分册: | ||
| 出版信息: | 北京 中央编译出版社 2004 |
|
| 页数: | 311页 | |
| 开本: | 21cm | |
| 丛书名: | 当代学者人文论丛 | |
| 单 册: | ||
| 中图分类: | B024.8 | |
| 科图分类: | ||
| 主题词: | 否定(哲学)--研究 | |
| 电子资源: | ||
| ISBN: | 7-80109-996-6 | |
| 000 | 01274nam0 2200337 450 | |
| 000 | 01237nam0 2200325 450 | |
| 000 | 01206nam0 2200325 450 | |
| 000 | 01152nam0 2200301 450 | |
| 000 | 01170nam0 2200289 450 | |
| 000 | 01133nam0 2200277 45 | |
| 001 | TS2006025615 | |
| 005 | 20061220165455.75 | |
| 010 | @a7-80109-996-6@dCNY28.60 | |
| 100 | @a20060829d2004 ekmy0chiy0120 ea | |
| 101 | 0 | @achi |
| 102 | @aCN@b110000 | |
| 105 | @ay z 000yy | |
| 200 | 1 | @a走向原创的思想@AZou Xiang Yuan Chuang De Si Xiang@e人文建设与否定学@ERen Wen Jian She Yu Fou Ding Xue@f刘淮南著@FLiu Huai Nan Zhu |
| 210 | @a北京@c中央编译出版社@d2004 | |
| 215 | @a311页@d21cm | |
| 225 | 2 | @a当代学者人文论丛@v第三辑 |
| 330 | @a全书从文化转型这一社会背景出发来审视具有原创性的否定学的提出、尤其是否定本体论以及以此为支点的主要观点及其意义,并对学术与政治应有和知识分子的历史趋向作了学理分析。 | |
| 410 | 0 | @12001 @a当代学者人文论丛 |
| 517 | 1 | @a人文建设与否定学@ARen Wen Jian She Yu Fou Ding Xue |
| 606 | 0 | @a否定(哲学)@x研究 |
| 690 | @aB024.8@v4 | |
| 701 | 0 | @a刘淮南@ALiu Huai Nan@4著 |
| 801 | 0 | @aCN@b中图数据@c20061220 |
| 905 | @a10447@dB024.8@e100 | |
| 走向原创的思想:人文建设与否定学/刘淮南著.-北京:中央编译出版社,2004 |
| 311页;21cm.-(当代学者人文论丛;第三辑) |
| ISBN 7-80109-996-6:CNY28.60 |
| 全书从文化转型这一社会背景出发来审视具有原创性的否定学的提出、尤其是否定本体论以及以此为支点的主要观点及其意义,并对学术与政治应有和知识分子的历史趋向作了学理分析。 |
| ● |
| 相关链接 |
|
|
|
|
正题名:走向原创的思想
索取号:B024.8/100
 
预约/预借
| 序号 | 登录号 | 条形码 | 馆藏地/架位号 | 状态 | 备注 |
| 1 | 0609287 | 206092878 | 第一样本阅览室/ [索取号:B024.8/100] | 在馆 | |
| 2 | 0609288 | 206092887 | 第一借阅区/ [索取号:B024.8/100] | 在馆 | |
| 3 | 0609289 | 206092896 | 第一借阅区/ [索取号:B024.8/100] | 在馆 | |
| 4 | 0609290 | 206092903 | 教育系资料室/ [索取号:B024.8/100] | 在馆 | |
| 5 | 0609291 | 206092912 | 教育系资料室/ [索取号:B024.8/100] | 在馆 |